Manual del guerrero de la luz / (Registro nro. 31077)

Detalles MARC
000 -LEADER
fixed length control field 01416nam a22002537a 4500
003 - CONTROL NUMBER IDENTIFIER
control field OSt
005 - DATE AND TIME OF LATEST TRANSACTION
control field 20250916144636.0
008 - FIXED-LENGTH DATA ELEMENTS--GENERAL INFORMATION
fixed length control field 250916t |||||||| |||| 00| 0 spa d
020 ## - INTERNATIONAL STANDARD BOOK NUMBER
International Standard Book Number O.C.: 9584214284
020 ## - INTERNATIONAL STANDARD BOOK NUMBER
International Standard Book Number V9.: 9584214373
037 ## - SOURCE OF ACQUISITION
Source of stock number/acquisition Donación
040 ## - CATALOGING SOURCE
Original cataloging agency CO-JMCR
Language of cataloging spa
Transcribing agency CO-JMCR
Modifying agency CO-JMCR
Description conventions rda
041 01 - LANGUAGE CODE
Language code of text/sound track or separate title spa
Language code of original bra
082 ## - DEWEY DECIMAL CLASSIFICATION NUMBER
Edition number 23
Classification number A-N
Item number COEm
100 1# - MAIN ENTRY--PERSONAL NAME
Personal name Coelho, Paulo,
Dates associated with a name [1947-]
Relator term autor.
9 (RLIN) 6578
245 10 - TITLE STATEMENT
Title Manual del guerrero de la luz /
Statement of responsibility, etc. Paulo Coelho ; traducción de Monserrat Mira.
250 ## - EDITION STATEMENT
Edition statement 1° edición.
264 ## - PRODUCTION, PUBLICATION, DISTRIBUTION, MANUFACTURE, AND COPYRIGHT NOTICE
Place of production, publication, distribution, manufacture Bogotá D.C. :
Name of producer, publisher, distributor, manufacturer Planeta,
Date of production, publication, distribution, manufacture, or copyright notice 2006
520 ## - SUMMARY, ETC.
Summary, etc. ["Libro Manual del guerrero de la luz. Sinopsis libro, reseña libro. El Manual del guerrero de la luz es el compañero espiritual de El Alquimista, el bestseller internacional que ha cautivado a millones de lectores en todo el mundo. Cada uno de estos textos nos invita a vivir nuestros sueños, a abrazar las incertidumbres de la vida y a atrevernos a perseguir nuestro singular destino. Paulo Coelho muestra a los lectores cómo embarcarse en el aprendizaje del guerrero: aquél que aprecia el milagro de estar vivo, aquél que acepta el fracaso y aquél cuya misión le lleva a la plenitud y la alegría. Libro Manual del guerrero de la luz". ]
650 24 - SUBJECT ADDED ENTRY--TOPICAL TERM
Source of heading or term JMCR
Topical term or geographic name entry element Espiritualidad
9 (RLIN) 735
650 24 - SUBJECT ADDED ENTRY--TOPICAL TERM
Source of heading or term JMCR
Topical term or geographic name entry element Ejercicios espirituales
700 1# - ADDED ENTRY--PERSONAL NAME
Personal name Mira, Monserrat,
Dates associated with a name [1987-]
Relator term traductora
9 (RLIN) 44318
942 ## - ADDED ENTRY ELEMENTS (KOHA)
Source of classification or shelving scheme Dewey Decimal Classification
Koha item type Books
Existencias
Withdrawn status Lost status Source of classification or shelving scheme Damaged status Not for loan Collection code Home library Current library Shelving location Date acquired Source of acquisition Total Checkouts Full call number Barcode Date last seen Copy number Price effective from Koha item type
    Dewey Decimal Classification     Fiction Biblioteca Pública José María del Castillo y Rada Biblioteca Pública José María del Castillo y Rada Book Cart 09/17/2024 Donación   A-N COEm 201812196 09/16/2025 Ej.1 09/16/2025 Books